Получение и анализ веществ особой чистоты: Сборник докладов

Bibliographic Details
Corporate Authors: Академия Наук СССР Институт химии, Всесоюзная конференция по получению и анализу веществ особой чистоты
Other Authors: Девятых Г. Г. Григорий Григорьевич (редактор)
Summary:Книга содержит доклады V Всесоюзной конференции, Горький
Книга содержит доклады V Всесоюзной конференции по получению и анализу веществ особой чистоты. Освещаются во­просы теории и практики глубокой очистки различных классов химических соединений и металлов, а также методы анализа веществ особой чистоты.Книга рассчитана на научных работников и специалистов промышленных предприятий, работающих в области получения и анализа веществ особой чистоты.
Language:Russian
Published: Москва, Наука, 1978
Subjects:
Format: Book
KOHA link:https://koha.lib.tpu.ru/cgi-bin/koha/opac-detail.pl?biblionumber=45108

MARC

LEADER 00000nam0a2200000 4500
001 45108
005 20231101210929.0
035 |a (RuTPU)RU\TPU\book\46861 
090 |a 45108 
100 |a 20021202d1978 k y0rusy50 ca 
101 0 |a rus 
102 |a RU 
105 |a a z 101zy 
200 1 |a Получение и анализ веществ особой чистоты  |e Сборник докладов  |f Академия Наук СССР. Институт химии; Под ред. Г. Г. Девятых 
210 |a Москва  |c Наука  |d 1978 
215 |a 274 с.  |c ил. 
300 |a Книга содержит доклады V Всесоюзной конференции, Горький 
320 |a Библиогр. в конце докладов 
330 |a Книга содержит доклады V Всесоюзной конференции по получению и анализу веществ особой чистоты. Освещаются во­просы теории и практики глубокой очистки различных классов химических соединений и металлов, а также методы анализа веществ особой чистоты.Книга рассчитана на научных работников и специалистов промышленных предприятий, работающих в области получения и анализа веществ особой чистоты. 
606 1 |a Химические вещества, особо чистые  |2 stltpush  |3 (RuTPU)RU\TPU\subj\70571  |9 84790 
610 1 |a химия 
610 1 |a особо чистые вещества 
610 1 |a получение 
610 1 |a химический анализ 
610 1 |a химические соединения 
610 1 |a металлы 
610 1 |a очистка 
610 1 |a конференции 
675 |a 54-4(063)  |v 3 
702 1 |a Девятых  |b Г. Г.  |g Григорий Григорьевич  |4 340 
712 0 2 |a Академия Наук СССР  |b Институт химии  |2 stltpush  |3 (RuTPU)RU\TPU\col\722 
712 0 2 |a Всесоюзная конференция по получению и анализу веществ особой чистоты  |d 5  |e Горький  |f 1976 
801 1 |a RU  |b 63413507  |c 20021202  |g PSBO 
801 2 |a RU  |b 63413507  |c 20221017  |g PSBO 
942 |c BK